000 00593nam a2200217Ia 4500
008 101110s9999 xx 000 0 und d
041 _aENGLISH
082 _bSR24853
100 _aMathew M.J.
245 _aFundamental of organizational theory and behaviour
260 _c2003
_bRBSA publishers, Jaipur
300 _a421
365 _b800
520 _aCommerce
546 _aENGLISH
630 _aFundamental of organizational theory and behaviour
650 _aCommerce
655 _aCommerce
730 _aFundamental of organizational theory and behaviour
942 _cBOOK
999 _c817515
_d817512